Statistics for European countries that end in a consonant

Click here to take the quiz!

General Stats

  • This quiz has been taken 76 times
    (8 since last reset)
  • The average score is 20 of 22

Answer Stats

Answer% Correct
Vatican City
100%
Norway
100%
UK
100%
Switzerland
100%
Sweden
100%
Finland
100%
Spain
100%
Portugal
100%
Iceland
100%
Ireland
100%
Poland
100%
Belgium
100%
Liechtenstein
88%
Netherlands
88%
Luxembourg
88%
Hungary
88%
Germany
88%
Denmark
88%
Italy
75%
Czech Republic
75%
Cyprus
75%
Belarus
63%

Score Distribution

Percentile by Number Answered

Percent of People with Each Score

Your Score History

You have not taken this quiz since the last reset